000 00668nam a2200265Ia 4500
005 20260121165712.0
008 008 260114s9999 xx 000 0 eng d
020 _a9789814585576
037 _aEBOOK
040 _aCRL
040 _beng
040 _cCRL
041 _2eng
041 _aeng
084 _qCRL
100 _aKirsi Pauliina Kallio, Sarah Mills, Tracey Skelton
_91054986
245 0 _aPolitics, Citizenship and Rights
260 _bSpringer
260 _bSpringer
260 _c2016
856 _uhttps://link.springer.com/openurl?genre=book&isbn=978-981-4585-57-6
942 _cEBOOK
999 _c1620713
_d1620713